01586nam a2200325Ia 4500001001100000003000800011006001900019007001500038008004100053010001700094020001500111040002100126035002000147050002600167082001600193100003000209245016300239260005500402300002400457490015200481504006600633533015200699650002500851650004900876655002900925700002100954710001700975830014300992856012501135ebr5000255CaPaEBRm u cr cn|||||||||960313s1996 ne a sb 001 0 eng d z 96013678  z1556196164 aCaPaEBRcCaPaEBR a(OCoLC)7076756014aP99.4.P72bN38 1996eb04a306.4/42201 aNerlich, Brigitte,d1956-10aLanguage, action, and contexth[electronic resource] :bthe early history of pragmatics in Europe and America, 1780-1930 /cBrigitte Nerlich, David D. Clarke. aAmsterdam ;aPhiladelphia :bJ. Benjamins,cc1996. axii, 497 p. :bill.1 aAmsterdam studies in the theory and history of linguistic science. Series III, Studies in the history of the language sciences,x0304-0720 ;vv. 80 aIncludes bibliographical references (p. [433]-488) and index. aElectronic reproduction.bPalo Alto, Calif. :cebrary,d2013.nAvailable via World Wide Web.nAccess may be limited to ebrary affiliated libraries. 0aPragmaticsxHistory. 0aLanguage and languagesxPhilosophyxHistory. 7aElectronic books.2local1 aClarke, David D.2 aebrary, Inc. 0aAmsterdam studies in the theory and history of linguistic science.nSeries III,pStudies in the history of the language sciences ;vv. 80.40uhttp://site.ebrary.com/lib/rucke/Doc?id=5000255zAn electronic book accessible through the World Wide Web; click to view